000
00346nam a2200133Ia 4500
008
100328s9999 xx 000 0 und d
082
_b
42841
100
_a
खरात शंकरराव रा.
245
_a
बेरड
260
_b
समाजशिक्षण
630
_a
बेरड
730
_a
बेरड
942
_c
BOOK
999
_c
531244
_d
531241